[Event "Barcelona Vila de Gracia op 25th"]
[Site "Barcelona"]
[Date "2021.11.19"]
[Round "8"]
[White "Martin Valentin, Francesco"]
[Black "Solsona Olive, Xavier"]
[Result "1/2-1/2"]
[WhiteElo "1722"]
[BlackElo "1747"]
[PlyCount "28"]
[EventDate "2021.10.01"]
[EventType "swiss"]
[EventRounds "9"]
[EventCountry "ESP"]
[SourceTitle "EXT 2023"]
[Source "ChessBase"]
[SourceDate "2022.10.05"]
[SourceVersion "1"]
[SourceVersionDate "2022.10.05"]
[SourceQuality "1"]

1. d4 Nf6 2. Bf4 g6 3. e3 Bg7 4. Nf3 d5 5. Be2 0-0 6. c4 c6 7. Nc3 Nbd7 8. 0-0 dxc4 9. Bxc4 Nb6 10. Bd3 Nbd5 11. Bg3 Nxc3 12. bxc3 Bg4 13. h3 Bc8 14. Qe2 Re8 1/2-1/2

[Event "Barcelona Tres Peons op 49th"]
[Site "Barcelona"]
[Date "2020.02.21"]
[Round "7"]
[White "Martin Valentin, Francesco"]
[Black "Iglesias Lopez, Albert"]
[Result "1-0"]
[WhiteElo "1828"]
[BlackElo "1683"]
[PlyCount "79"]
[EventDate "2020.01.10"]
[EventType "swiss"]
[EventRounds "8"]
[EventCountry "ESP"]
[SourceTitle "CBM 195 Extra"]
[Source "ChessBase"]
[SourceDate "2020.05.31"]
[SourceVersion "1"]
[SourceVersionDate "2020.05.31"]
[SourceQuality "1"]

1. d4 e6 2. c4 d5 3. Nc3 c6 4. Nf3 Be7 5. e3 Nf6 6. Bd3 0-0 7. 0-0 dxc4 8. Bxc4 b6 9. Ne5 Qc7 10. Qf3 Bb7 11. Qh3 Nbd7 12. f4 Rad8 13. Bd3 a6 14. g4 g6 15. g5 Nxe5 16. fxe5 Nd5 17. Ne4 c5 18. Nf6+ Bxf6 19. gxf6 Kh8 20. Bd2 c4 21. Rac1 b5 22. Qh6 Rg8 23. h4 Qc6 24. Be4 Qe8 25. h5 Rd7 26. hxg6 fxg6 27. Rf2 Qf7 28. Qh4 Rc8 29. Rg2 Rg8 30. Rf1 b4 31. Bxd5 Bxd5 32. Rgf2 a5 33. a3 c3 34. bxc3 b3 35. Bc1 a4 36. e4 Bc4 37. Re1 Re8 38. Bh6 Kg8 39. Rh2 Rb8 40. Bg7 1-0

[Event "Barcelona Tres Peons op 49th"]
[Site "Barcelona"]
[Date "2020.01.24"]
[Round "3"]
[White "Martin Valentin, Francesco"]
[Black "Lopez Arjona, Emilio"]
[Result "0-1"]
[WhiteElo "1828"]
[BlackElo "1560"]
[PlyCount "99"]
[EventDate "2020.01.10"]
[EventType "swiss"]
[EventRounds "8"]
[EventCountry "ESP"]
[SourceTitle "CBM 195 Extra"]
[Source "ChessBase"]
[SourceDate "2020.05.31"]
[SourceVersion "1"]
[SourceVersionDate "2020.05.31"]
[SourceQuality "1"]

1. d4 f5 2. Bg5 h6 3. Bh4 g5 4. Bg3 Nf6 5. e3 Bg7 6. Nf3 d6 7. Bc4 e6 8. Nc3 0-0 9. h3 Ne4 10. Nxe4 fxe4 11. Nd2 d5 12. Bb3 b5 13. h4 Bd7 14. hxg5 Qxg5 15. Qe2 Nc6 16. 0-0-0 Na5 17. Rh5 Qe7 18. Bf4 Rf6 19. Rdh1 Kh7 20. g4 Be8 21. R5h2 Qf8 22. g5 Rg6 23. gxh6 Bf6 24. Bxc7 Nxb3+ 25. Nxb3 Rc8 26. Bf4 Bg5 27. Bxg5 Rxg5 28. Nc5 Qg8 29. Qf1 e5 30. Nb3 Rc6 31. dxe5 Rcg6 32. Kd2 Qf8 33. Qe2 Rf5 34. c3 b4 35. Rc1 bxc3+ 36. bxc3 Rb6 37. Nd4 Rxe5 38. Qg4 Rb7 39. Qc8 Rf7 40. Ke1 Qg8 41. Ne2 Qg6 42. Kd2 Bd7 43. Qb8 Rg5 44. Nf4 Qa6 45. Qb1 Bb5 46. Qc2 Re7 47. Qb3 Bc4 48. Qb8 Rb7 49. Qd8 Rb2+ 50. Rc2 0-1

[Event "Barcelona Tey op-A 1st"]
[Site "Barcelona"]
[Date "2019.12.04"]
[Round "9.6"]
[White "Martin Valentin, Francesco"]
[Black "Costa Trave, Jaume"]
[Result "1-0"]
[WhiteElo "1803"]
[BlackElo "1724"]
[PlyCount "89"]
[EventDate "2019.10.09"]
[EventType "swiss"]
[EventRounds "9"]
[EventCountry "ESP"]
[SourceTitle "EXT 2024"]
[Source "ChessBase"]
[SourceDate "2023.10.10"]
[SourceVersion "1"]
[SourceVersionDate "2023.10.10"]
[SourceQuality "1"]

1. c4 c6 2. d4 d5 3. Nf3 Bf5 4. Nc3 e6 5. e3 Na6 6. cxd5 exd5 7. Bxa6 bxa6 8. 0-0 Bd6 9. Qe2 a5 10. e4 dxe4 11. Nxe4 Ne7 12. Nxd6+ Qxd6 13. Re1 Kf8 14. Bf4 Qd8 15. Rac1 Rc8 16. Qa6 Nd5 17. Bd2 f6 18. Rxc6 Rxc6 19. Qxc6 g6 20. Qc5+ Kf7 21. Qxa7+ Ne7 22. Bxa5 Qd7 23. Qxd7 Bxd7 24. Bb4 Nd5 25. Bc5 Rb8 26. b4 Ra8 27. Ra1 Nc3 28. h3 Be6 29. a3 Bb3 30. Nd2 Ba4 31. Nc4 Bc2 32. Kh2 Bd3 33. Nb6 Ra6 34. a4 f5 35. a5 Bb5 36. Re1 Ne4 37. f3 Nxc5 38. dxc5 Ra7 39. Kg3 h5 40. Kf4 Kf6 41. h4 Rb7 42. Rc1 Ke6 43. Kg5 Ke5 44. c6 Rc7 45. Rc5+ 1-0

[Event "Barcelona Tey op-A 1st"]
[Site "Barcelona"]
[Date "2019.11.20"]
[Round "7.6"]
[White "Martin Valentin, Francesco"]
[Black "Cespedes Llaverias, Llibert"]
[Result "0-1"]
[WhiteElo "1803"]
[BlackElo "1915"]
[PlyCount "80"]
[EventDate "2019.10.09"]
[EventType "swiss"]
[EventRounds "9"]
[EventCountry "ESP"]
[SourceTitle "EXT 2024"]
[Source "ChessBase"]
[SourceDate "2023.10.10"]
[SourceVersion "1"]
[SourceVersionDate "2023.10.10"]
[SourceQuality "1"]

1. e4 c5 2. Nf3 Nc6 3. d3 g6 4. g3 Bg7 5. Bg2 d6 6. 0-0 e5 7. Nbd2 Nge7 8. h4 h5 9. c3 0-0 10. Re1 b5 11. Nf1 Rb8 12. Bg5 f6 13. Bd2 Be6 14. Qc1 Qd7 15. Bh6 b4 16. Bxg7 Kxg7 17. cxb4 cxb4 18. Qd2 Rfc8 19. Rec1 a5 20. Ne1 Rc7 21. f4 Rbc8 22. a3 a4 23. Nh2 Na5 24. Rxc7 Qxc7 25. fxe5 fxe5 26. Qg5 Nb3 27. Rd1 Nc6 28. Nef3 Nc5 29. g4 Bb3 30. gxh5 Bxd1 31. Qxg6+ Kh8 32. Ng5 Rf8 33. Qh6+ Kg8 34. Bh3 Qg7 35. Be6+ Nxe6 36. Qxe6+ Kh8 37. h6 Qf6 38. Qd7 Qxh6 39. Nf7+ Rxf7 40. Qxf7 Qg7+ 0-1

[Event "Barcelona 150 aniversity 4"]
[Site "Barcelona"]
[Date "2019.06.14"]
[Round "8.3"]
[White "Martin Valentin, Francesco"]
[Black "Gonzalez Camps, Lluis"]
[Result "1/2-1/2"]
[WhiteElo "1820"]
[BlackElo "2103"]
[PlyCount "33"]
[EventDate "2019.04.26"]
[EventType "swiss"]
[EventRounds "9"]
[EventCountry "ESP"]
[SourceTitle "EXT 2024"]
[Source "ChessBase"]
[SourceDate "2023.10.10"]
[SourceVersion "1"]
[SourceVersionDate "2023.10.10"]
[SourceQuality "1"]

1. e4 c5 2. d3 Nc6 3. f4 g6 4. Nf3 Bg7 5. c3 d5 6. Be2 dxe4 7. dxe4 Qxd1+ 8. Bxd1 Nf6 9. e5 Nd5 10. Bb3 Nc7 11. Be3 b6 12. Nbd2 0-0 13. 0-0 Be6 14. Bxe6 Nxe6 15. Rad1 Rad8 16. Ne4 Rxd1 17. Rxd1 1/2-1/2

[Event "Barcelona Tres Peons 48th"]
[Site "Barcelona"]
[Date "2019.02.08"]
[Round "5.6"]
[White "Aparicio Escudero, Hector F"]
[Black "Martin Valentin, Francesco"]
[Result "1/2-1/2"]
[WhiteElo "1739"]
[BlackElo "1780"]
[PlyCount "108"]
[EventDate "2019.01.11"]
[EventType "swiss"]
[EventRounds "8"]
[EventCountry "ESP"]
[SourceTitle "EXT 2024"]
[Source "ChessBase"]
[SourceDate "2023.10.10"]
[SourceVersion "1"]
[SourceVersionDate "2023.10.10"]
[SourceQuality "1"]

1. Nf3 d5 2. c4 c6 3. cxd5 cxd5 4. d4 Nc6 5. Nc3 e6 6. Bf4 Nf6 7. e3 a6 8. Be2 Be7 9. Rc1 Nh5 10. Be5 Nxe5 11. Nxe5 Nf6 12. 0-0 0-0 13. Qb3 Nd7 14. Nxd7 Qxd7 15. Na4 Bd8 16. Nb6 Bxb6 17. Qxb6 Qd8 18. Rc7 f5 19. Rfc1 Qf6 20. Qb4 Re8 21. Qd6 Qf8 22. Qe5 Re7 23. Rxe7 Qxe7 24. Rc7 Qf8 25. Bh5 g6 26. Be2 b5 27. h4 Rb8 28. h5 Rb7 29. Rxb7 Bxb7 30. Qc7 Qf7 31. Qxf7+ Kxf7 32. hxg6+ hxg6 33. f4 Kf6 34. Kf2 g5 35. fxg5+ Kxg5 36. g3 b4 37. a3 bxa3 38. bxa3 a5 39. Kf3 Bc6 40. Ba6 Ba4 41. Bb7 Bd1+ 42. Kf2 Bb3 43. Bc6 Kg4 44. Bd7 Bc2 45. Bxe6 Be4 46. a4 Kg5 47. Bf7 Kg4 48. Be6 Kg5 49. Bd7 Bc2 50. Be6 Be4 51. Bd7 Bc2 52. Ke2 Kg4 53. Kf2 Kg5 54. Be6 Be4 1/2-1/2

[Event "Barcelona Tres Peons 48th"]
[Site "Barcelona"]
[Date "2019.01.25"]
[Round "3.5"]
[White "Trullas Tugues, Ivan"]
[Black "Martin Valentin, Francesco"]
[Result "0-1"]
[WhiteElo "1576"]
[BlackElo "1780"]
[PlyCount "74"]
[EventDate "2019.01.11"]
[EventType "swiss"]
[EventRounds "8"]
[EventCountry "ESP"]
[SourceTitle "EXT 2024"]
[Source "ChessBase"]
[SourceDate "2023.10.10"]
[SourceVersion "1"]
[SourceVersionDate "2023.10.10"]
[SourceQuality "1"]

1. e4 d5 2. exd5 Qxd5 3. Nc3 Qd6 4. d4 Nf6 5. Nf3 c6 6. Bc4 Bg4 7. Be3 e6 8. h3 Bh5 9. g4 Bg6 10. Ne5 Nbd7 11. Nxg6 hxg6 12. Qd2 Qb4 13. Bb3 Nxg4 14. a3 Qa5 15. 0-0-0 Nxe3 16. Qxe3 Be7 17. d5 cxd5 18. Bxd5 0-0-0 19. Kb1 Bf6 20. Bb3 Bxc3 21. bxc3 Nc5 22. Kb2 Qb6 23. Rd4 Rxd4 24. cxd4 Nxb3 25. cxb3 Rd8 26. Rc1+ Kb8 27. Rc4 Qd6 28. Qf3 Rd7 29. a4 a6 30. Qc3 Rc7 31. Qe3 Rxc4 32. bxc4 Qb4+ 33. Qb3 Qd2+ 34. Qc2 Qxd4+ 35. Kb3 Qb6+ 36. Kc3 Qa5+ 37. Kd3 Qf5+ 0-1

[Event "Barcelona Tres Peons-E 47th"]
[Site "Barcelona"]
[Date "2018.06.22"]
[Round "9.5"]
[White "Salvador Gomez, Jesus Francisco"]
[Black "Martin Valentin, Francesco"]
[Result "1/2-1/2"]
[WhiteElo "1619"]
[BlackElo "1772"]
[PlyCount "46"]
[EventDate "2018.04.27"]
[EventType "tourn"]
[EventRounds "9"]
[EventCountry "ESP"]
[SourceTitle "EXT 2024"]
[Source "ChessBase"]
[SourceDate "2023.10.10"]
[SourceVersion "1"]
[SourceVersionDate "2023.10.10"]
[SourceQuality "1"]

1. e4 d5 2. exd5 Qxd5 3. Nf3 Nf6 4. d4 c6 5. Nc3 Qd6 6. Be2 Bf5 7. h3 e6 8. a3 Nbd7 9. Be3 Nb6 10. b4 a6 11. Bd3 Bxd3 12. Qxd3 Be7 13. Nd2 Nbd5 14. Nxd5 Nxd5 15. c4 Nf4 16. Qe4 Ng6 17. 0-0 0-0 18. f4 Nh4 19. Nf3 Nxf3+ 20. Rxf3 f5 21. Qc2 Rfe8 22. Rd1 a5 23. d5 cxd5 1/2-1/2

[Event "Barcelona Tres Peons-E 47th"]
[Site "Barcelona"]
[Date "2018.04.27"]
[Round "1.1"]
[White "Martin Valentin, Francesco"]
[Black "Orriols Codina, Joan"]
[Result "1-0"]
[WhiteElo "1772"]
[BlackElo "1695"]
[PlyCount "79"]
[EventDate "2018.04.27"]
[EventType "tourn"]
[EventRounds "9"]
[EventCountry "ESP"]
[SourceTitle "EXT 2024"]
[Source "ChessBase"]
[SourceDate "2023.10.10"]
[SourceVersion "1"]
[SourceVersionDate "2023.10.10"]
[SourceQuality "1"]

1. Nf3 d5 2. g3 Nf6 3. Bg2 g6 4. 0-0 Bg7 5. d3 0-0 6. Re1 Nc6 7. Nbd2 e5 8. e4 d4 9. a3 Rb8 10. Qe2 b5 11. c3 Re8 12. cxd4 Nxd4 13. Nxd4 exd4 14. Nf3 c5 15. Qc2 Qb6 16. Bf4 Rb7 17. Rac1 c4 18. Be5 Rd7 19. Bh3 Rdd8 20. Bxc8 Rxc8 21. Bxd4 Qc6 22. Bxf6 Bxf6 23. dxc4 bxc4 24. Qe2 Qb5 25. Rc2 Re6 26. Rec1 Rb6 27. e5 Re8 28. Qxc4 Bxe5 29. Qxb5 Rxb5 30. Nxe5 Rbxe5 31. Rc7 a5 32. Kg2 Rb8 33. R1c5 Re2 34. Rc8+ Rxc8 35. Rxc8+ Kg7 36. Rc5 Rxb2 37. Rxa5 Kf6 38. a4 Ke6 39. h4 h5 40. Rb5 1-0

[Event "Barcelona Tres Peons-D 46th"]
[Site "Barcelona"]
[Date "2017.05.19"]
[Round "5.1"]
[White "Solsona Olive, Xavier"]
[Black "Martin Valentin, Francesco"]
[Result "1/2-1/2"]
[WhiteElo "1839"]
[BlackElo "1801"]
[PlyCount "31"]
[EventDate "2017.04.21"]
[EventType "swiss"]
[EventRounds "9"]
[EventCountry "ESP"]
[SourceTitle "EXT 2024"]
[Source "ChessBase"]
[SourceDate "2023.10.10"]
[SourceVersion "1"]
[SourceVersionDate "2023.10.10"]
[SourceQuality "1"]

1. d4 d5 2. c4 c6 3. Nc3 Nf6 4. Nf3 dxc4 5. e4 b5 6. a3 Bg4 7. Be2 e6 8. 0-0 Nbd7 9. Bf4 Be7 10. Rc1 0-0 11. h3 Bh5 12. d5 cxd5 13. exd5 exd5 14. Nxd5 Nxd5 15. Qxd5 Nf6 16. Qxb5 1/2-1/2

[Event "Barcelona Tres Peons-D 46th"]
[Site "Barcelona"]
[Date "2017.04.21"]
[Round "1.1"]
[White "Martin Valentin, Francesco"]
[Black "Van Keulen, Onno"]
[Result "0-1"]
[WhiteElo "1801"]
[BlackElo "1907"]
[PlyCount "86"]
[EventDate "2017.04.21"]
[EventType "swiss"]
[EventRounds "9"]
[EventCountry "ESP"]
[SourceTitle "EXT 2024"]
[Source "ChessBase"]
[SourceDate "2023.10.10"]
[SourceVersion "1"]
[SourceVersionDate "2023.10.10"]
[SourceQuality "1"]

1. c4 c6 2. d4 d5 3. Nc3 Nf6 4. e3 g6 5. cxd5 cxd5 6. Nf3 Bg7 7. Bb5+ Nc6 8. Ne5 Qd6 9. Qa4 Bd7 10. Nxd7 Nxd7 11. Qb3 e6 12. 0-0 0-0 13. Rd1 a6 14. Bf1 b5 15. a3 Nf6 16. Bd2 Rfc8 17. a4 b4 18. Na2 a5 19. f4 Ne4 20. Be1 Rc7 21. Nc1 Rac8 22. Nd3 Nb8 23. Rac1 Nd7 24. Rxc7 Rxc7 25. Ne5 Nb6 26. Bd3 f5 27. Bb5 Bxe5 28. fxe5 Qd8 29. Bd3 Qc8 30. Bh4 h6 31. h3 Nc4 32. Bxe4 fxe4 33. Kh2 Qe8 34. Bf2 Nb6 35. Ra1 Qc6 36. Qd1 Qc2 37. Qg4 Qxf2 38. Qxe6+ Rf7 39. Qxb6 Qxe3 40. Qxg6+ Rg7 41. Qe6+ Kh7 42. Qf5+ Kh8 43. Rf1 Qg3+ 0-1

[Event "Barcelona Tres Peons-E 45th"]
[Site "Barcelona"]
[Date "2016.05.20"]
[Round "6.1"]
[White "Corominas Garrido, Jordi"]
[Black "Martin Valentin, Francesco"]
[Result "1/2-1/2"]
[WhiteElo "1962"]
[BlackElo "1886"]
[PlyCount "47"]
[EventDate "2016.04.15"]
[EventType "swiss"]
[EventRounds "9"]
[EventCountry "ESP"]
[SourceTitle "EXT 2024"]
[Source "ChessBase"]
[SourceDate "2023.10.10"]
[SourceVersion "1"]
[SourceVersionDate "2023.10.10"]
[SourceQuality "1"]

1. d4 Nf6 2. Nf3 d5 3. Bf4 c5 4. e3 Nc6 5. c3 Qb6 6. b3 cxd4 7. exd4 Bf5 8. Bd3 Bxd3 9. Qxd3 e6 10. Nbd2 Be7 11. 0-0 0-0 12. Rac1 Rfc8 13. h3 a5 14. Ne5 Nxe5 15. dxe5 Nd7 16. Be3 Qa6 17. Qxa6 Rxa6 18. f4 Rac6 19. Bd4 b5 20. Rcd1 Bc5 21. Nf3 g6 22. Rd2 Bxd4+ 23. Nxd4 Rxc3 24. Nxb5 1/2-1/2

[Event "Barcelona Tres Peons-E 45th"]
[Site "Barcelona"]
[Date "2016.04.22"]
[Round "2.3"]
[White "Martin Valentin, Francesco"]
[Black "Mut Company, Guillem Joan"]
[Result "0-1"]
[WhiteElo "1886"]
[BlackElo "1958"]
[PlyCount "66"]
[EventDate "2016.04.15"]
[EventType "swiss"]
[EventRounds "9"]
[EventCountry "ESP"]
[SourceTitle "EXT 2024"]
[Source "ChessBase"]
[SourceDate "2023.10.10"]
[SourceVersion "1"]
[SourceVersionDate "2023.10.10"]
[SourceQuality "1"]

1. e4 c6 2. d4 d5 3. e5 c5 4. c3 Nc6 5. f4 cxd4 6. cxd4 Bf5 7. Nf3 e6 8. Nc3 Nge7 9. Be2 Bg4 10. Ng5 Bxe2 11. Nxe2 Nf5 12. 0-0 Qb6 13. Nf3 h5 14. Qd3 Be7 15. Bd2 Rc8 16. Bc3 g6 17. Rfc1 Kd7 18. a3 Qb3 19. Nd2 Qb6 20. b4 g5 21. Nb3 gxf4 22. Nxf4 Nxe5 23. Qh3 Ng4 24. Nc5+ Bxc5 25. dxc5 Rxc5 26. Nd3 Rxc3+ 27. Nc5+ Rxc5 28. Rxc5 Rc8 29. Rac1 Rxc5 30. Rxc5 Nf6 31. Qd3 Ne4 32. Qb5+ Qxb5 33. Rxb5 b6 0-1

[Event "Barcelona Tres Peons op 16th"]
[Site "Barcelona"]
[Date "2015.02.13"]
[Round "5"]
[White "Martin Valentin, Francesco"]
[Black "Mansilla Lou, Lluis"]
[Result "1/2-1/2"]
[WhiteElo "1997"]
[BlackElo "2069"]
[PlyCount "32"]
[EventDate "2015.01.16"]
[EventType "swiss"]
[EventRounds "9"]
[EventCountry "ESP"]
[SourceTitle "EXT 2016"]
[Source "ChessBase"]
[SourceDate "2015.10.08"]
[SourceVersion "1"]
[SourceVersionDate "2015.10.08"]
[SourceQuality "1"]

1. d4 b6 2. Nf3 Bb7 3. Nbd2 f5 4. g3 Nf6 5. e3 d6 6. Bg2 Qc8 7. c4 h6 8. 0-0 e6 9. b3 Be7 10. Nh4 Kf7 11. Bb2 g5 12. Nhf3 Re8 13. Rc1 Nbd7 14. Qc2 Ne4 15. Nxe4 Bxe4 16. Qe2 Qb7 1/2-1/2

[Event "Barcelona Tres Peons op 16th"]
[Site "Barcelona"]
[Date "2015.01.23"]
[Round "2"]
[White "Joya Abadal, Eduard"]
[Black "Martin Valentin, Francesco"]
[Result "0-1"]
[WhiteElo "1700"]
[BlackElo "1997"]
[PlyCount "80"]
[EventDate "2015.01.16"]
[EventType "swiss"]
[EventRounds "9"]
[EventCountry "ESP"]
[SourceTitle "EXT 2016"]
[Source "ChessBase"]
[SourceDate "2015.10.08"]
[SourceVersion "1"]
[SourceVersionDate "2015.10.08"]
[SourceQuality "1"]

1. e4 c6 2. Nf3 d5 3. e5 Bg4 4. d4 e6 5. Bd3 Nd7 6. h3 Bxf3 7. Qxf3 Qc7 8. 0-0 Ne7 9. Bg5 Ng6 10. Nc3 a6 11. Qh5 Ne7 12. f4 g6 13. Qh4 Nf5 14. Bxf5 gxf5 15. Bf6 Nxf6 16. Qxf6 Rg8 17. Ne2 Qe7 18. Qxe7+ Bxe7 19. Rf3 0-0-0 20. a4 Rg6 21. b4 Rdg8 22. g3 Bxb4 23. Rb1 Ba5 24. Rfb3 b6 25. Rc1 Kd7 26. Kg2 h5 27. h4 Rc8 28. c4 dxc4 29. Rxc4 b5 30. Rc5 Bb6 31. Rc2 Bd8 32. axb5 axb5 33. Ra2 Bxh4 34. Ra7+ Rc7 35. Rxc7+ Kxc7 36. Kh3 Be7 37. Nc1 Rg8 38. Nd3 Ra8 39. Kg2 Ra4 40. d5 exd5 0-1

[Event "Barcelona Ateneu Colon op 7th"]
[Site "Barcelona"]
[Date "2012.05.16"]
[Round "9"]
[White "Capellades Subirana, Marc"]
[Black "Martin Valentin, Francesco"]
[Result "1-0"]
[WhiteElo "2266"]
[BlackElo "1959"]
[PlyCount "58"]
[EventDate "2012.03.14"]
[EventType "swiss"]
[EventRounds "9"]
[EventCountry "ESP"]
[SourceTitle "EXT 2013"]
[Source "ChessBase"]
[SourceDate "2012.11.22"]
[SourceVersion "1"]
[SourceVersionDate "2012.11.22"]
[SourceQuality "1"]

1. e4 c6 2. d4 d5 3. e5 Bf5 4. h4 Bd7 5. Bd3 e6 6. Ne2 c5 7. c3 Nc6 8. Nd2 cxd4 9. cxd4 Qb6 10. Nb3 a5 11. a4 Nb4 12. Bb1 Ne7 13. Rh3 Nec6 14. Nc3 Be7 15. Be3 Qd8 16. Nb5 b6 17. Qg4 Kf8 18. Rg3 g6 19. h5 Be8 20. Rh3 g5 21. h6 Rc8 22. Rf3 Qd7 23. Rg3 Qd8 24. f4 Nb8 25. f5 Nc2+ 26. Bxc2 Rxc2 27. f6 Bb4+ 28. Kd1 Bxb5 29. axb5 Qd7 1-0